[Event "Moscow-ch"]
[Site "Moscow"]
[Date "2024.03.29"]
[Round "6"]
[White "Krapivin, Alexander"]
[Black "Maslovskiy, Vladimir"]
[Result "1/2-1/2"]
[WhiteElo "2345"]
[BlackElo "2234"]
[PlyCount "133"]
[EventDate "2024.03.22"]
[EventType "swiss"]
[EventRounds "7"]
[EventCountry "RUS"]
[SourceTitle "CB15_2024"]
[SourceDate "2024.04.10"]
[SourceVersion "1"]
[SourceVersionDate "2024.04.10"]
[SourceQuality "1"]

1. e4 c5 2. Nc3 Nc6 3. g3 g6 4. Bg2 Bg7 5. d3 d6 6. Be3 Rb8 7. Qd2 b5 8. f4 b4 9. Nd1 e6 10. Nf3 Nge7 11. 0-0 0-0 12. h3 a5 13. Rc1 Nd4 14. Nh4 Qc7 15. c3 Ndc6 16. d4 bxc3 17. bxc3 Ba6 18. Rf2 f5 19. exf5 exf5 20. Nf3 Bc4 21. dxc5 dxc5 22. Bxc5 Rfd8 23. Bd4 Bd5 24. Qe3 Nxd4 25. Nxd4 Rb6 26. Rfc2 Bxg2 27. Kxg2 Nd5 28. Qf3 Qb7 29. Ne2 Re8 30. Rd2 Rd6 31. Nd4 Qd7 32. Rcc2 Re4 33. Re2 Nxc3 34. Nxc3 Rexd4 35. Qa8+ Bf8 36. Nb1 Re6 37. Rxe6 Qxe6 38. Qf3 Qd7 39. Qb3+ Kg7 40. Qc3 Bb4 41. Qc7 Qxc7 42. Rxc7+ Kf6 43. a3 Be7 44. Rc6+ Kf7 45. Rc7 Ke6 46. Kf2 Rd1 47. Nc3 Rc1 48. a4 Bd6 49. Rc8 Bb4 50. Re8+ Kd7 51. Ne2 Bc5+ 52. Kg2 Rc4 53. Rh8 Rxa4 54. Rxh7+ Ke6 55. Rc7 Rc4 56. Nd4+ Kd5 57. Rd7+ Ke4 58. Nb3 Rc2+ 59. Rd2 Rxd2+ 60. Nxd2+ Kd5 61. Kf3 a4 62. g4 a3 63. Nb1 Ke6 64. Nxa3 Bxa3 65. h4 Kf6 66. h5 gxh5 67. gxf5 1/2-1/2

[Event "Chigorin Memorial 30th"]
[Site "St Petersburg"]
[Date "2023.10.26"]
[Round "6"]
[White "Smirnov, Yaroslav"]
[Black "Maslovskiy, Vladimir"]
[Result "0-1"]
[WhiteElo "1900"]
[BlackElo "2135"]
[PlyCount "87"]
[EventDate "2023.10.21"]
[EventType "swiss"]
[EventRounds "9"]
[EventCountry "RUS"]
[SourceTitle "Mega2024 Update 01"]
[Source "Chessbase"]
[SourceDate "2023.11.12"]
[SourceVersion "1"]
[SourceVersionDate "2023.11.12"]
[SourceQuality "1"]

1. Nf3 Nf6 2. g3 d5 3. c4 e6 4. Bg2 dxc4 5. 0-0 a6 6. a4 Nc6 7. Qc2 Na5 8. Na3 Qd5 9. Rd1 Nb3 10. Ra2 Bxa3 11. Rxa3 Bd7 12. d3 Nxc1 13. Qxc1 cxd3 14. Qxc7 Rc8 15. Qf4 Rc4 16. Qb8+ Rc8 17. Qf4 Qe4 18. Qxe4 Nxe4 19. exd3 Nd6 20. Ne5 Ke7 21. Nc4 Rc7 22. b3 Bc6 23. Bxc6 Rxc6 24. Nxd6 Kxd6 25. b4 Rhc8 26. b5 Rc1 27. Rxc1 Rxc1+ 28. Kg2 a5 29. Kf3 Kc5 30. Rb3 Kd4 31. Ra3 Rc3 32. Rxc3 Kxc3 33. Ke3 Kb4 34. Kd4 b6 35. f3 h5 36. f4 Kxa4 37. Kc4 Ka3 38. Kc3 g6 39. h3 f6 40. g4 hxg4 41. hxg4 f5 42. g5 a4 43. d4 Ka2 44. Kc2 0-1

[Event "Cheliabinsk Lozovatsky Memorial-A"]
[Site "Cheliabinsk"]
[Date "2023.01.29"]
[Round "3"]
[White "Rostovtsev, Dmitry"]
[Black "Maslovskiy, Vladimir"]
[Result "0-1"]
[WhiteElo "2305"]
[BlackElo "2050"]
[PlyCount "86"]
[EventDate "2023.01.27"]
[EventType "swiss"]
[EventRounds "10"]
[EventCountry "RUS"]
[SourceTitle "CBM 212 Extra"]
[Source "ChessBase"]
[SourceDate "2023.03.31"]
[SourceVersion "1"]
[SourceVersionDate "2023.03.31"]
[SourceQuality "1"]

1. d4 Nf6 2. c4 e6 3. Nf3 d5 4. cxd5 exd5 5. Nc3 Be7 6. Bf4 c6 7. h3 0-0 8. e3 Re8 9. Bd3 Nbd7 10. 0-0 Nf8 11. Qc2 Ne6 12. Bh2 g6 13. Ne5 Nd7 14. f4 Ng7 15. Ng4 f5 16. Nh6+ Kf8 17. e4 Ne6 18. exf5 Nxd4 19. Qf2 Bc5 20. Kh1 Nxf5 21. Qf3 Re3 22. Qd1 Nxh6 23. f5 Kg7 24. Bf4 Re8 25. fxg6 hxg6 26. Qd2 Nf7 27. Rf3 Nde5 28. Rg3 Nxd3 29. Qxd3 Qf6 30. Rf1 Bf5 31. Qd1 Kh7 32. Rgf3 Ne5 33. Bxe5 Qxe5 34. Rxf5 gxf5 35. Qh5+ Kg8 36. Ne4 fxe4 37. Qf7+ Kh8 38. Rf5 Qxf5 39. Qxf5 Bd4 40. Qh5+ Kg8 41. Qg6+ Bg7 42. h4 e3 43. h5 e2 0-1